000
00296nam a22001337a 4500
008
181101b xxu||||| |||| 00| 0 eng d
020
_a
0817003762
041
_a
eng
080
_a
658
100
_a
54
101
_a
LID
245
_a
40 Ways to teach in groups
_c
Leypoldt,m.m
942
_2
udc
_c
BK
999
_c
51453
_d
51453